Регионална библиотека "Любен Каравелов" - Русе

Харесвате го по-мрачно (Запис номер 511652)

MARC детайли
000 -Лидер
Лидер 01164aam a2200289 a 4500
003 - Код на организацията, давaща контролен номер
Код на организацията, даваща контролен номер BLK
005 - Дата и час на последна редакция
Дата и час на последна редакция 20250630131155.0
008 - Елементи от данни с фиксирана дължина
Елементи с фиксирана дължина 180608b bul||||| |||| 00| 0 bul d
020 ## - Международен стандартен номер на книга ISBN
ISBN 9786190302759
020 ## - Международен стандартен номер на книга ISBN
ISBN 978-619-03-0275-9
040 ## - Източник на каталожния запис
Код на библиотеката BLK
041 ## - Код за език
Език Български
Език за КДБФ Български
080 ## - УДК
УДК текст Американска литература (на САЩ)
УДК код 821.111(73)
УДК – код + определител 821.111(73)-32
084 ## - Класификационен индекс по друга класификация
Авторски знак Кин - К 54
100 ## - Редна дума - Автор
Автор Кинг, Стивън
R(LIN) 371799
245 ## - Сведения за заглавието
Заглавие Харесвате го по-мрачно
Подзаглавни данни разкази и новели
Авторска отговорност Стивън Кинг ; прев. Венцислав Божилов.
260 ## - Област на издателските данни
Място на издаване София
Име на издателя Бард
Година на издаване 2024
9 (RLIN) 209457
Печатница [Костинброд] : Мултипринт ООД
300 ## - Физическа характеристика
Брой страници 560 с.
Размер 22 см
380 ## - Жанр
Жанр Худож. лит.
500 ## - Общи забележки
Обща забележка Ориг. загл.: You like it darker / Stephen King
700 ## - Други автори (авторска отговорност)
Друг автор Божилов, Венцислав Божидаров
Дати, свързани с автора 1968 -
9 (RLIN) 367877
765 ## - Описание на заглавието на оригиналният език
Редна дума на основното описание Sleeping Beauties
Поясняваща информация King, Stephen ; King, Owen
852 ## - Местоположение
Сигнатура (форматна) Цб 325385
Отдел Хранилище
942 ## - АРТИКУЛИ
Вид на библиотечния документ Книги
Източник на класификационната схема Universal Decimal Classification
Скрит в OPAC Не
Koha issues (borrowed), all copies 88
944 ## - СЪЗДАВАНЕ И РЕДАКЦИЯ на ЗАПИСА
Дата на регистрацията/редакция Нора Радева
Служител, извършил регистрацията/редакцията 30531
Номер на служител Цветелина Шанова
999 ## - СИСТЕМНИ КОНТРОЛНИ НОМЕРА
Koha biblionumber 511652
Koha biblioitemnumber 511652
Наличности
Код за отписване Код за изгубен артикул Източник на класификационната схема Код за повреда Код за отдаване Артикулен № Име на библиотеката - собственик Име на библиотеката, в която се намира в момента Статус (Текущо местоположение) Дата на вписване в системата Местоположение - отдел Цена в лева Инвентарен номер Систематично азбучна сигнатура Баркод Цена в евро Служебен тип на артикула Коз за рестрикции
  Не е изгубен Universal Decimal Classification Не е повреден заемане за дома 944074 Регионална библиотека "Любен Каравелов" Русе Регионална библиотека "Любен Каравелов" Русе Заемна - подръчен фонд 2024-06-11 Заемна - подръчен фонд 18.70 120000909185 821-32/К 54 С 120000909185 9.56 Книги  
  Не е изгубен Universal Decimal Classification Не е повреден заемане за дома 944075 Регионална библиотека "Любен Каравелов" Русе Регионална библиотека "Любен Каравелов" Русе Заемна - подръчен фонд 2024-06-11 Заемна - подръчен фонд 18.70 120000909184 821-32/К 54 С 120000909184 9.56 Книги  
  Не е изгубен Universal Decimal Classification Не е повреден заемане за дома 944076 Регионална библиотека "Любен Каравелов" Русе Регионална библиотека "Любен Каравелов" Русе Заемна - подръчен фонд 2024-06-11 Заемна - подръчен фонд 18.70 120000909186 821-32/К 54 С 120000909186 9.56 Книги  
  Не е изгубен Universal Decimal Classification Не е повреден ползва се в читалня 956613 Регионална библиотека "Любен Каравелов" Русе Регионална библиотека "Любен Каравелов" Русе Хранилище 2025-01-02 Хранилище 29.99 120000915499 Цб 325385 120000915499 15.33 Книги само за читалня
Vip Innovations Ltd, Rousse, Bulgaria 2025